Statystyki dla Prawostronne dopływy Wisły [i Narwi]

Kliknij tutaj aby rozwiązać quiz!

Ogólne statystyki

  • Ten quiz został rozwiązany 33 razy
  • Średni wynik to 9 z 15

Statystyki odpowiedzi

Prawostronne dopływy Wisły% Poprawnych
Narew
92%
Dunajec
84%
Wieprz
84%
Wisłoka
84%
Bug
80%
Raba
68%
Skawa
64%
Biebrza
60%
Drwęca
56%
Soła
52%
Wkra
52%
Pisa
32%
Omulew
28%
Orzyc
24%
San z Wisłokiem
20%

Rozkład punktacji

Percentyl według liczby udzielonych odpowiedzi

Procent ludzi z każdym wynikiem

Twoja historia wyników

Nie rozwiązałeś tego quizu